000 00511nam a2200193Ia 4500
003 OSt
005 20230608161226.0
008 210423s2005 xx 000 0 und d
040 _cAL
082 _a307.72 SHAR
_223
100 _aSHARMA (Rajendra K)
_9122877
245 _aRural sociology
260 _aNew Delhi
_bAtlantic Publishers and Distributors
_c2005
365 _b495
_cINR
650 _aRural Communities
_9122878
650 _aSociology
_9122879
906 _aRural ; sociology
942 _2ddc
_cBK
999 _c174093
_d174093